000 01091cab a2200229 4500
001 ##ABS67735
008 040426n2004 000 0 eng u
035 _a(Sirsi) u125959
100 1 _aGreening, R.
245 0 0 _aStreets ahead
260 _c2004
490 0 _aInside Housing
_v21(14) 9 April 2004, 20-21(2)
520 _aExamines how four local authorities are leading the way in supporting private sector housing renewal, which is moving up the government housing priority list. Government believes that it is primarily the responsibility of owners to keep private sector homes in decent condition but recognises that vulnerable groups do not have the resources for this. Housing renewal is one of 10 beacon themes for 2004-05 assisting the spread of good practice among local authorities. Looks at varied initiatives by councils in Wigan, Leicester, Bristol and Bolton.
590 _aABS
650 2 4 _aDCLG DECENT HOMES STANDARD
651 4 _aWIGAN
651 4 _aLEICESTER
651 4 _aBOLTON
651 4 _aBRISTOL
690 _aResidential property
_96266
942 _n0
999 _c74376
_d74376